No life of my own : (Record no. 800158)

MARC details
000 -LEADER
fixed length control field 00926nam a22002537r 4500
003 - CONTROL NUMBER IDENTIFIER
control field 3228
005 - DATE AND TIME OF LATEST TRANSACTION
control field 20260609145757.0
008 - FIXED-LENGTH DATA ELEMENTS--GENERAL INFORMATION
fixed length control field 260609b sa o|||| |||| 00| 0aeng d
020 ## - INTERNATIONAL STANDARD BOOK NUMBER
International Standard Book Number 9781770102231 (paperback)
040 ## - CATALOGING SOURCE
Original cataloging agency MPL
Language of cataloging eng
Transcribing agency 3228
Description conventions Resource Description and Access
041 ## - LANGUAGE CODE
Language code of text/sound track or separate title English
082 #0 - DEWEY DECIMAL CLASSIFICATION NUMBER
Classification number 261.7092 CHIK
100 ## - MAIN ENTRY--PERSONAL NAME
9 (RLIN) 130355
Personal name Chikane, Frank
245 ## - TITLE STATEMENT
Title No life of my own :
Remainder of title An autobiography /
Statement of responsibility, etc. Frank Chikane ; editing by Valda Strauss
250 ## - EDITION STATEMENT
Edition statement Revised and updated edition
260 ## - PUBLICATION, DISTRIBUTION, ETC.
Place of publication, distribution, etc. Johannesburg :
Name of publisher, distributor, etc. Picador Africa ,
Date of publication, distribution, etc. 1988,
-- ©2012.
300 ## - PHYSICAL DESCRIPTION
Extent 294 pages :
Other physical details photographs ;
Dimensions 20 cm
600 #0 - SUBJECT ADDED ENTRY--PERSONAL NAME
9 (RLIN) 199748
Personal name Chikane, Frank, 1951- Biography
650 #0 - SUBJECT ADDED ENTRY--TOPICAL TERM
9 (RLIN) 199747
Topical term or geographic name entry element Anti-Apartheid activists
General subdivision History
-- Biography
Chronological subdivision 20th Century
Geographic subdivision South Africa
650 #0 - SUBJECT ADDED ENTRY--TOPICAL TERM
9 (RLIN) 199746
Topical term or geographic name entry element Christianity and politics
General subdivision Biography
650 #0 - SUBJECT ADDED ENTRY--TOPICAL TERM
9 (RLIN) 199745
Topical term or geographic name entry element Liberation theology
General subdivision Biography
700 ## - ADDED ENTRY--PERSONAL NAME
9 (RLIN) 199744
Personal name Strauss, Valda
Relator term editor
942 ## - ADDED ENTRY ELEMENTS
Source of classification or shelving scheme Dewey Decimal Classification
item type Books
-- 296
-- Phillipina Naude
-- 296
-- Phillipina Naude
Holdings
Withdrawn status Lost status Source of classification or shelving scheme Damaged status Not for loan Collection code Home library Current library Shelving location Date acquired Total Checkouts Full call number Barcode Date last seen Price effective from item type Public note
    Dewey Decimal Classification     200: Religion Klarinet PL (MMID-PLEM-KLAR) Klarinet PL (MMID-PLEM-KLAR) Non Fiction 09.06.2026   261.7092 CHIK 3228200028266 09.06.2026 09.06.2026 Books 800158